[Event "Open"]
[Site "Stare Mesto CZE"]
[Date "2006.08.11"]
[Round "1"]
[White "Havranek,Mir"]
[Black "Pukl,R"]
[Result "1-0"]
[WhiteElo "2232"]
[BlackElo "1898"]

1.e4 e5 2.Nf3 Nc6 3.Bb5 a6 4.Ba4 Nf6 5.O-O b5 6.Bb3 Bb7 7.Re1 Bc5 8.c3 d6
9.d4 Bb6 10.a4 O-O 11.Bg5 Qe7 12.Na3 Na5 13.Ba2 bxa4 14.Qxa4 h6 15.Bxf6 Qxf6
16.b4 Bc6 17.Qc2 Nb7 18.Nc4 Ba7 19.dxe5 Qf4 20.Nd4 Bd7 21.g3 Qg5 22.exd6 cxd6
23.Ne3 g6 24.Bd5 Rab8 25.Rxa6 Bxd4 26.cxd4 Rfc8 27.Qa2 Qe7 28.e5 Kg7 29.f4 dxe5
30.fxe5 Qxb4 31.Qf2 Qe7 32.Ba2 Rc6 33.Rxc6 Bxc6 34.d5 Bd7 35.d6 Qe8 36.Qf6+  1-0

[Event "XXVI Open A"]
[Site "Bratto ITA"]
[Date "2006.08.19"]
[Round "1"]
[White "Bresciani,N"]
[Black "Rorato,G"]
[Result "1-0"]
[WhiteElo "2290"]
[BlackElo "2057"]

1.e4 e5 2.Nf3 Nc6 3.Bb5 a6 4.Ba4 Nf6 5.O-O b5 6.Bb3 Bb7 7.Re1 Bc5 8.c3 d6
9.d4 Bb6 10.Be3 O-O 11.Nbd2 Qe7 12.a4 Na5 13.Bc2 c5 14.b4 exd4 15.cxd4 Nc6
16.bxc5 dxc5 17.e5 Nd5 18.Bxh7+ Kh8 19.Bg5 Qe6 20.dxc5 Bd8 21.axb5 Nc3 22.Qc2 Nxb5
23.Ra4 Bxg5 24.Nxg5 Qh6 25.Ndf3 Ncd4 26.Nxd4 Nxd4 27.Rxd4 Qxg5 28.c6 Bxc6
29.Qxc6 Kxh7 30.g3 Qf5 31.Rf4 Qe6 32.Qc2+ Kg8 33.Rh4 g6 34.Qd2  1-0

[Event "59th ch-RUS 1st League"]
[Site "Tomsk RUS"]
[Date "2006.09.06"]
[Round "4"]
[White "Smirnov,P"]
[Black "Tomashevsky,E"]
[Result "1/2-1/2"]
[WhiteElo "2613"]
[BlackElo "2594"]

1.e4 e5 2.Nf3 Nc6 3.Bb5 a6 4.Ba4 Nf6 5.O-O b5 6.Bb3 Bb7 7.d3 Be7 8.a4 O-O
9.Re1 Re8 10.c3 Bf8 11.Bg5 h6 12.Bh4 d6 13.Na3 b4 14.Nc4 Be7 15.Ne3 bxc3
16.bxc3 Rb8 17.a5 Nd7 18.Bg3 Bf6 19.Ng4 Na7 20.Bc4 Nb5 21.Qd2 Bg5 22.Nxg5 Qxg5
23.Ne3 Nc5 24.Reb1 Bc8 25.f4 exf4 26.Bxf4 Qg6 27.Nd5 c6 28.Nb6 Bg4 29.Rf1 Be6
30.Rae1 Bxc4 31.dxc4 Nxe4 32.Rxe4 Rxe4 33.cxb5 cxb5 34.Qxd6 Qxd6 35.Bxd6 Rd8
36.Bc5 Rd2 37.g3 Ree2 38.Bf2 Ra2 39.c4 bxc4 40.Nxc4 Rec2 41.Ne3 Re2 42.Nc4 h5
43.h4 f6 44.Kg2 Rec2 45.Ne3 Rc5 46.Rd1 Raxa5 47.Rd7 Rab5 48.Ra7 a5 49.Kf3 Rb3
50.Be1 Rf5+ 51.Ke2 Re5 52.Bf2 Ra3 53.Kf3 a4 54.Ra8+ Kh7 55.Ra7 Kg6 56.Kf4 Rb5
57.Be1 Ra2 58.Bc3 Rf2+ 59.Ke4 Rb8 60.Nd5 Re8+ 61.Kd4 Rf3 62.Ne7+ Kh7 63.Be1 a3
64.Ke4 Rb3 65.Bf2 a2 66.Bc5 Rxg3 67.Rxa2 Rg4+ 68.Kf5 Rxh4 69.Ke6 Rb8 70.Kf7 Rg4
71.Rh2 h4 72.Nf5 Rb7+ 73.Be7 Rb5 74.Rxh4+ Rxh4 75.Nxh4 Rb7 76.Nf5 Ra7 77.Nd6 Ra4  1/2-1/2

[Event "EU-chB18"]
[Site "Herceg Novi MNE"]
[Date "2006.09.16"]
[Round "6"]
[White "Vocaturo,D"]
[Black "Lenic,L"]
[Result "1-0"]
[WhiteElo "2410"]
[BlackElo "2500"]

1.e4 e5 2.Nf3 Nc6 3.Bb5 a6 4.Ba4 Nf6 5.O-O b5 6.Bb3 Bb7 7.c3 Be7 8.d4 d6
9.Re1 O-O 10.Nbd2 exd4 11.cxd4 Nb4 12.Nf1 a5 13.Ng3 a4 14.Bc2 Nxc2 15.Qxc2 d5
16.e5 Ne4 17.Be3 Qd7 18.Red1 b4 19.Nd2 a3 20.Ngxe4 axb2 21.Ng5 Bxg5 22.Qxb2 Be7
23.a3 bxa3 24.Qc1 Ra4 25.Nb3 Rfa8 26.Bg5 Bf8 27.Rd3 Rc4 28.Qf4 Ra6 29.Rg3 Bc8
30.Bf6 Qf5 31.Qh4 a2 32.h3 g6 33.Be7 Bxe7 34.Qxe7 Qd7 35.Qg5 Rb4 36.Kh2 Qe8
37.Qd2 Qb5 38.Nc5 Ra8 39.Rxa2 Rxa2 40.Qxa2 Rxd4 41.Qa8 Qxc5 42.Qxc8+ Kg7
43.Qd7 Qf8 44.Rf3 Re4 45.Qxd5 Re2 46.Rf6 Qe7 47.f4 c5 48.Rd6 Qh4 49.Rf6 Kh6
50.Qxf7 Qf2 51.Qf8+ Kh5 52.Rf5+  1-0

[Event "EU-chB18"]
[Site "Herceg Novi MNE"]
[Date "2006.09.18"]
[Round "8"]
[White "Dragicevic,Draz"]
[Black "Llorente Zaro,A"]
[Result "1-0"]
[WhiteElo "2200"]
[BlackElo "2367"]

1.e4 e5 2.Nf3 Nc6 3.Bb5 a6 4.Ba4 Nf6 5.O-O b5 6.Bb3 Bb7 7.Re1 Bc5 8.c3 d6
9.d3 O-O 10.Nbd2 d5 11.exd5 Nxd5 12.Nxe5 Nf4 13.Nxf7 Rxf7 14.Bxf7+ Kxf7 15.Ne4 Bd6
16.Bxf4 Bxf4 17.Qf3 g5 18.g3 Ne5 19.Qh5+ Kg7 20.gxf4 Nxd3 21.Nxg5 Nxf4 22.Qf7+ Kh6
23.Qxh7+ Kxg5 24.Re5+ Kf6 25.Qf5+ Kg7 26.Qxf4  1-0

[Event "EU-chG16"]
[Site "Herceg Novi MNE"]
[Date "2006.09.19"]
[Round "9"]
[White "Severiukhina,Z"]
[Black "Agrest,I"]
[Result "1/2-1/2"]
[WhiteElo "2201"]
[BlackElo "2004"]

1.e4 e5 2.Nf3 Nc6 3.Bb5 a6 4.Ba4 Nf6 5.O-O b5 6.Bb3 Bb7 7.Re1 Bc5 8.c3 d6
9.d4 Bb6 10.Be3 O-O 11.Nbd2 h6 12.h3 Qe8 13.d5 Ne7 14.Bxb6 cxb6 15.Bc2 Nh7
16.Nh4 Rd8 17.c4 g6 18.a4 f5 19.axb5 axb5 20.Ra7 Rd7 21.cxb5 fxe4 22.Nxe4 g5
23.Qg4 Nc8 24.Ra3 Rf4 25.Qe6+ Qxe6 26.dxe6 Rc7 27.g3 Rxc2 28.gxf4 gxh4 29.fxe5 dxe5
30.Rc3 Rxc3 31.bxc3 Bd5 32.Rd1 Ne7 33.f3 Bxe4 34.fxe4 Ng5 35.Rd8+ Kg7 36.Rd6 Nxe4
37.Rxb6 Nxc3 38.Rb7 Kf6 39.b6 Ncd5 40.Rb8 Kxe6 41.b7 Nc6 42.Rc8 Nde7 43.b8=Q Nxb8
44.Rxb8 Nf5 45.Rb4 Kd5 46.Kf2 e4 47.Rb5+ Ke6 48.Ra5  1/2-1/2

[Event "15th TCh-CRO"]
[Site "Sibenik CRO"]
[Date "2006.09.29"]
[Round "8"]
[White "Rade,M"]
[Black "Lenic,L"]
[Result "1/2-1/2"]
[WhiteElo "2417"]
[BlackElo "2500"]

1.e4 e5 2.Nf3 Nc6 3.Bb5 a6 4.Ba4 Nf6 5.O-O b5 6.Bb3 Bb7 7.d3 Be7 8.Re1 O-O
9.Nbd2 d6 10.c3 Na5 11.Bc2 c5 12.Nf1 Re8 13.d4 Nc6 14.d5 Nb8 15.b3 Nbd7 16.a4 Qb6
17.h3 Rec8 18.Be3 Qc7 19.N3d2 Rab8 20.Qe2  1/2-1/2

[Event "10th Essent Open"]
[Site "Hoogeveen NED"]
[Date "2006.10.20"]
[Round "1"]
[White "Ten Hagen,Y"]
[Black "Van de Oudeweetering,A"]
[Result "0-1"]
[WhiteElo "2077"]
[BlackElo "2364"]

1.e4 e5 2.Nf3 Nc6 3.Bb5 a6 4.Ba4 Nf6 5.O-O b5 6.Bb3 Bb7 7.c3 Nxe4 8.d4 Na5
9.Bc2 exd4 10.Bxe4 Bxe4 11.Re1 d5 12.Nxd4 c5 13.f3 cxd4 14.fxe4 Be7 15.Qxd4 O-O
16.Qxd5 Qxd5 17.exd5 Bc5+ 18.Kf1 Nc4 19.b3 Nb6 20.b4 Bd6 21.Rd1 Bxh2 22.Rd3 Be5
23.Be3 Nc4 24.Bc5 Rfd8 25.a3 Nb2 26.Rd2 Na4 27.Rd3 Rac8 28.Ra2 Nxc5 29.bxc5 Rxc5
30.Rad2 f6 31.g3 Kf7 32.Ke2 h5 33.Kd1 Rc4 34.Kc2 Rg4 35.Rh2 Rxg3 36.Rxg3 Bxg3
37.Rxh5 Be5 38.Nd2 Rxd5 39.Ne4 Rd8 40.Rh3 Rc8 41.Kb3 Ke6 42.Nd2 g5  0-1

[Event "Open A"]
[Site "Le Touquet FRA"]
[Date "2006.10.31"]
[Round "5"]
[White "Petrov,Marij"]
[Black "Bianchi,Guilla"]
[Result "1-0"]
[WhiteElo "2457"]
[BlackElo "2162"]

1.e4 e5 2.Nf3 Nc6 3.Bb5 a6 4.Ba4 Nf6 5.O-O b5 6.Bb3 Bb7 7.d3 Be7 8.a4 O-O
9.Nc3 b4 10.Nd5 Na5 11.Nxe7+ Qxe7 12.Ba2 c5 13.Nh4 Qd8 14.Nf5 b3 15.cxb3 d5
16.Be3 dxe4 17.Bxc5 exd3 18.b4 Nc6 19.Nd6 Rb8 20.Qxd3 Nxb4 21.Bxb4 Bxg2 22.Kxg2 Rxb4
23.Rad1 Rg4+ 24.Kh1 Rd4 25.Qa3 Rxd1 26.Rxd1 Ne4 27.Kg1 Qg5+ 28.Kf1 Qh5 29.Qd3 Ng5
30.Bd5 Qxh2 31.Qg3 Qh5 32.Re1 Kh8 33.Qxe5 f6 34.Qe7 Qh3+ 35.Bg2 Qd3+ 36.Kg1  1-0

[Event "Petersburg Autumn"]
[Site "St Petersburg RUS"]
[Date "2006.11.01"]
[Round "2"]
[White "Ivkina,O"]
[Black "Sivokho,S"]
[Result "0-1"]
[WhiteElo "2206"]
[BlackElo "2476"]

1.e4 e5 2.Nf3 Nc6 3.Bb5 a6 4.Ba4 Nf6 5.O-O b5 6.Bb3 Bb7 7.d4 Nxd4 8.Nxd4 exd4
9.c3 d3 10.Qxd3 Be7 11.Qg3 O-O 12.Bh6 Ne8 13.e5 d6 14.Rd1 Qc8 15.f4 Kh8 16.Bg5 f6
17.exf6 Bxf6 18.Bc2 Qe6 19.Re1 Qf7 20.Nd2 g6 21.Nf3 Ng7 22.Bb3 Qd7 23.Nh4 Nh5
24.Qd3 Qg4 25.Bd1 Nxf4 26.Bxf6+ Rxf6 27.Bxg4 Nxd3 28.Re7 Ne5 29.Rxc7 Bxg2
30.Kxg2 Nxg4 31.Nf3 Re8 32.Nd4 h5 33.h3 Ne3+ 34.Kg1 Re5 35.Re1 Nd5 36.Rc8+ Kg7
37.Rxe5 dxe5 38.Ne2 Nf4 39.Nxf4 exf4  0-1

[Event "Venetian Autumn"]
[Site "Venice ITA"]
[Date "2006.11.05"]
[Round "5"]
[White "Massironi,M"]
[Black "Guclu,Y"]
[Result "1-0"]
[WhiteElo "2193"]
[BlackElo "2026"]

1.e4 e5 2.Nf3 Nc6 3.Bb5 a6 4.Ba4 Nf6 5.O-O b5 6.Bb3 Bb7 7.Re1 Bc5 8.c3 d6
9.h3 Bb6 10.d3 O-O 11.Nbd2 Na5 12.Bc2 Re8 13.b4 Nc6 14.Bb3 a5 15.Nf1 axb4
16.cxb4 Nd4 17.Nxd4 Bxd4 18.Rb1 d5 19.Qf3 Bc3 20.Bd2 dxe4 21.dxe4 Bxd2 22.Rbd1 Bxe1
23.Rxd8 Rexd8 24.Qe2 Bc3 25.Qxb5 Ba6 26.Qc5 Nxe4 27.Qxc7 Bxb4 28.Qxf7+ Kh8
29.Ne3 Rf8 30.Qh5 Nxf2 31.Bf7 Ne4 32.Nd5 Bc5+ 33.Kh2 Bf2 34.Ne7 Bg3+ 35.Kh1 g6
36.Nxg6+ Kg7 37.Nxf8 Rxf8 38.Qg4+ Kxf7 39.Qxe4  1-0

[Event "Petersburg Autumn"]
[Site "St Petersburg RUS"]
[Date "2006.11.07"]
[Round "8"]
[White "Melnikov,D"]
[Black "Frolochkin,V"]
[Result "1-0"]
[WhiteElo "2352"]
[BlackElo "2232"]

1.e4 e5 2.Nf3 Nc6 3.Bb5 a6 4.Ba4 Nf6 5.O-O b5 6.Bb3 Bb7 7.d4 Nxd4 8.Bxf7+ Kxf7
9.Nxe5+ Kg8 10.Qxd4 c5 11.Qd1 Qe7 12.Bf4 d6 13.Ng4 Nxe4 14.f3 Nf6 15.Bg5 Qf7
16.Nc3 Nd7 17.Qd2 h6 18.Bf4 Qg6 19.Rad1 Nb6 20.Ne3 d5 21.Ncxd5 Rd8 22.Nf6+ Qxf6
23.Qxd8 Qxf4 24.Rfe1 Qf6 25.Ng4 Qxd8 26.Rxd8 Nc4 27.b3 Nd6 28.Ne5 h5 29.Ng6 Rh6
30.Rxf8+ Kh7 31.Rh8+ Kxg6 32.Re6+  1-0

[Event "Petersburg Autumn"]
[Site "St Petersburg RUS"]
[Date "2006.11.08"]
[Round "9"]
[White "Melnikov,D"]
[Black "Sivokho,S"]
[Result "1/2-1/2"]
[WhiteElo "2352"]
[BlackElo "2476"]

1.e4 e5 2.Nf3 Nc6 3.Bb5 a6 4.Ba4 Nf6 5.O-O b5 6.Bb3 Bb7 7.d4 Nxd4 8.Bxf7+ Kxf7
9.Nxe5+ Kg8 10.Qxd4 c5 11.Qd1 Qe8 12.Nf3 Qxe4 13.Bg5 Qf5 14.Nbd2 Ne4 15.Nxe4 Bxe4
16.Re1 d5 17.Qd2 h6 18.Bf4 Be7 19.Ne5 Bg5 20.Bxg5 hxg5 21.Nc6 Qf6 22.f3 Qxc6
23.fxe4 dxe4 24.Qxg5 Rh6 25.Rad1 Rd6 26.Qe7 Re6 27.Qg5 Rae8 28.Re3 Rd6 29.Rde1 c4
30.Qf5 Rf6 31.Qg4 Qc5 32.h3 Qd4 33.c3 Qb6 34.Kh1 Rg6 35.Qh4 Rh6 36.Qg4 Rg6
37.Qf5 Rf6 38.Qd5+ Qe6 39.Qxe4 Qxe4 40.Rxe4 Rxe4 41.Rxe4 Rf2 42.b3 Rxa2 43.bxc4 Ra4
44.Re8+ Kf7 45.Ra8 Rxc4 46.Rxa6 Rc5 47.Kh2 Ke7 48.h4 Kf7  1/2-1/2

[Event "XV Asiad Men's Rapid"]
[Site "Doha QAT"]
[Date "2006.12.04"]
[Round "7"]
[White "Nguyen Anh Dung"]
[Black "Moradiabadi,E"]
[Result "1/2-1/2"]
[WhiteElo "2541"]
[BlackElo "2539"]

1.e4 e5 2.Nf3 Nc6 3.Bb5 a6 4.Ba4 Nf6 5.O-O b5 6.Bb3 Bb7 7.Re1 Bc5 8.c3 d6
9.d4 Bb6 10.a4 h6 11.Be3 Ng4 12.Nbd2 Nxe3 13.fxe3 O-O 14.Bd5 Rb8 15.Qe2 exd4
16.exd4 Ne7 17.Bxb7 Rxb7 18.Kh1 Rb8 19.axb5 axb5 20.e5 Ng6 21.e6 Qf6 22.e7 Rfe8
23.Qxb5 Rxe7 24.Rxe7 Nxe7 25.Nc4 Qf5 26.Qxf5 Nxf5 27.Kg1 f6 28.Kf2 d5 29.Ne3 Ne7
30.b4 c6 31.Ne1 Nc8 32.b5 Ne7 33.bxc6 Rc8 34.Nd3 Rxc6 35.Ra3 Kf7 36.Nb4 Rd6
37.Ke2 f5 38.Kd3 Rd7 39.Ra6 Bc7 40.h3 Bf4 41.Nec2 h5 42.Ne1 Rd6 43.Ra5 g5
44.Nec2 g4 45.Ne3 Ke6 46.Ra8 Bxe3 47.Kxe3 Ng6 48.Nd3 Kf6 49.Nf4 Nxf4 50.Kxf4 Re6
51.Rf8+ Kg6 52.Rd8 Re4+ 53.Kg3 gxh3 54.Kxh3 Re3+ 55.Kh4 Re4+ 56.Kg3 Kg5 57.Kf3 Rf4+
58.Ke3 Rg4 59.Kf3 Rf4+ 60.Ke3 Rg4 61.Kf2 h4 62.Rxd5 Rg3 63.c4 Rc3 64.c5 Kf4
65.Rd6 Rc2+ 66.Kg1 Kg3 67.Rg6+ Kf4 68.c6 Rd2 69.c7 Rc2 70.Rg7 Ke4 71.Rd7 h3
72.gxh3 Kf3 73.h4 Rc1+ 74.Kh2 Rc2+ 75.Kh3 Rc1  1/2-1/2

[Event "22nd Voivoda Cup"]
[Site "Legnica POL"]
[Date "2006.12.12"]
[Round "6"]
[White "Talla,V"]
[Black "Ovsejevitsch,S"]
[Result "1/2-1/2"]
[WhiteElo "2413"]
[BlackElo "2545"]

1.e4 e5 2.Nf3 Nc6 3.Bb5 a6 4.Ba4 Nf6 5.O-O b5 6.Bb3 Bb7 7.c3 Nxe4 8.d4 Na5
9.Nxe5 Nxb3 10.Qxb3 Nd6 11.a4 Be7 12.Na3 O-O 13.Be3 Rb8 14.axb5 Nxb5 15.Nxb5 d6
16.Nd3  1/2-1/2

[Event "22nd Voivoda Cup"]
[Site "Legnica POL"]
[Date "2006.12.12"]
[Round "7"]
[White "Szelag,M"]
[Black "Talla,V"]
[Result "1/2-1/2"]
[WhiteElo "2472"]
[BlackElo "2413"]

1.e4 e5 2.Nf3 Nc6 3.Bb5 a6 4.Ba4 Nf6 5.O-O b5 6.Bb3 Bb7 7.d3 Be7 8.Nc3 d6
9.a3 O-O 10.Bd2 h6 11.Nd5 Re8 12.Nxe7+ Nxe7 13.Nh4 Nc6 14.f4 exf4 15.Nf5 Bc8
16.Rxf4 Bxf5 17.exf5 d5 18.d4 Re4 19.c3 Na5 20.Bc2 Rxf4 21.Bxf4 Nc4 22.b3 Nd6
23.Qf3 c6 24.a4 Nfe4 25.h3 Rc8 26.axb5 axb5 27.Ra6 Qe7 28.Bxd6 Nxd6 29.Kh2 Ne4
30.Bxe4 dxe4 31.Qe3 Qd6+ 32.Qg3 Qe7 33.Qe3  1/2-1/2

[Event "Bykova Mem"]
[Site "Vladimir RUS"]
[Date "2006.12.16"]
[Round "3"]
[White "Pogonina,N"]
[Black "Karlovich,A"]
[Result "1/2-1/2"]
[WhiteElo "2421"]
[BlackElo "2276"]

1.e4 e5 2.Nf3 Nc6 3.Bb5 a6 4.Ba4 Nf6 5.O-O b5 6.Bb3 Bb7 7.d3 Bc5 8.Nc3 d6
9.a4 b4 10.Nd5 Na5 11.Ba2 Nxd5 12.Bxd5 O-O 13.Bxb7 Nxb7 14.c3 bxc3 15.bxc3 Bb6
16.d4 Na5 17.Qd3 Qf6 18.d5 Nb3 19.Rb1 Nc5 20.Qc2 Qg6 21.Re1 Qg4 22.Ba3 f5
23.a5 Ba7 24.h3 Qh5 25.exf5 Qxf5 26.Qxf5 Rxf5 27.Bxc5 Bxc5 28.Rb7 Rc8 29.Re2 e4
30.Rxe4 Rxd5 31.Re7 Rd1+ 32.Re1 Rd3 33.Rc1 h6 34.Kf1 Ba3 35.Rc2 Rd1+ 36.Ne1 Rd5
37.Ra2 Bc5 38.Re2 Rd1 39.Re7 Rd2 40.Re2 Rd1 41.Re7 Rd2 42.Re2  1/2-1/2

[Event "6th Amplico AIG Life"]
[Site "Warsaw POL"]
[Date "2006.12.16"]
[Round "8"]
[White "Zhigalko,A"]
[Black "Nurkiewicz,M"]
[Result "1-0"]
[WhiteElo "2532"]
[BlackElo "2404"]

1.e4 e5 2.Nf3 Nc6 3.Bb5 a6 4.Ba4 Nf6 5.O-O b5 6.Bb3 Bb7 7.c3 Nxe4 8.d4 Na5
9.Bc2 exd4 10.Nxd4 c5 11.Bxe4 Bxe4 12.Re1 cxd4 13.Rxe4+ Be7 14.Rxd4 Ra7 15.a4 Nc6
16.Rg4 Bc5 17.b4 Bb6 18.a5 Bc7 19.Be3 Ra8 20.Rxg7 Be5 21.Rg4 Qf6 22.Nd2 d5
23.Rc1 Qe6 24.h3 Rd8 25.Nf3 Bf6 26.Bb6 Rd7 27.Qd2 h5 28.Rf4 Be5 29.Re1 Re7
30.Rd4 Rg8 31.Rxd5 f6 32.Kh1 Qf5 33.Nxe5 fxe5 34.Rd6 Rg6 35.Rxg6 Qxg6 36.Qd5 e4
37.Bc5 Re6 38.f3 Re5 39.Rxe4  1-0

[Event "6th Amplico AIG Life"]
[Site "Warsaw POL"]
[Date "2006.12.17"]
[Round "12"]
[White "Mickiewicz,P"]
[Black "Nurkiewicz,M"]
[Result "1-0"]
[WhiteElo "2312"]
[BlackElo "2404"]

1.e4 e5 2.Nf3 Nc6 3.Bb5 a6 4.Ba4 Nf6 5.O-O b5 6.Bb3 Bb7 7.Re1 Bc5 8.c3 d6
9.d4 Bb6 10.a4 h6 11.Na3 O-O 12.Qd3 Re8 13.d5 Ne7 14.axb5 axb5 15.Bd2 c6
16.dxc6 Bxc6 17.Rad1 Qd7 18.Nc2 Ng4 19.Ne3 Rad8 20.Nxg4 Qxg4 21.h3 Qd7 22.Be3 Bxe3
23.Qxe3 Ng6 24.Ra1 Ra8 25.Red1 Rxa1 26.Rxa1 Re7 27.Kh2 Qb7 28.Rd1 Bxe4 29.Rxd6 Bf5
30.g4 e4 31.gxf5 exf3 32.fxg6 Qc7 33.Qb6 Qd8  1-0

[Event "27th Open A"]
[Site "Bethune FRA"]
[Date "2006.12.29"]
[Round "8"]
[White "Bjornsson,Si"]
[Black "Bianchi,Guilla"]
[Result "1/2-1/2"]
[WhiteElo "2335"]
[BlackElo "2162"]

1.e4 e5 2.Nf3 Nc6 3.Bb5 a6 4.Ba4 Nf6 5.O-O b5 6.Bb3 Bb7 7.Re1 Bc5 8.c3 d6
9.d4 Bb6 10.h3 h6 11.Be3 O-O 12.Nbd2 Re8 13.Qb1 Qd7 14.a4 exd4 15.cxd4 Nb4
16.e5 Nfd5 17.Ne4 Re6 18.Bd2 Rf8 19.Bxb4 Nxb4 20.Bxe6 fxe6 21.axb5 axb5 22.Ra3 dxe5
23.Nc5 Bxc5 24.dxc5 e4 25.Rxe4 Bxe4 26.Qxe4 Nd5 27.Ne5 Qe8 28.Ra6 Rf4 29.Qe2 Ra4
30.Rxa4 bxa4 31.Qa6 Kh7 32.c6 Qb8 33.Qd3+ Kg8 34.Qg6 Qxb2 35.Qxe6+ Kh7 36.Qg6+ Kg8
37.Qf7+ Kh7  1/2-1/2

[Event "27th Open A"]
[Site "Bethune FRA"]
[Date "2006.12.30"]
[Round "9"]
[White "Lecoq,J"]
[Black "Swinkels,R"]
[Result "0-1"]
[WhiteElo "2087"]
[BlackElo "2378"]

1.e4 e5 2.Nf3 Nc6 3.Bb5 a6 4.Ba4 Nf6 5.O-O b5 6.Bb3 Bb7 7.d3 Bd6 8.a3 O-O
9.Nc3 h6 10.Ne2 Re8 11.Ng3 Bf8 12.Nf5 d5 13.exd5 Na5 14.Ba2 Bxd5 15.Bxd5 Qxd5
16.Bd2 Nc6 17.Bc3 Rad8 18.Ng3 g6 19.Re1 Bg7 20.Qd2 Rb8 21.Rad1 Nd7 22.Re2 f5
23.Rde1 Re7 24.h4 Qf7 25.Qc1 Rbe8 26.Qa1 Nb6 27.b3 Qf6 28.Bb2 Nd5 29.Rd2 Qf7
30.Rdd1 Nf4 31.Qc1 Nd5 32.Qa1 Kh8 33.Qc1 Kh7 34.c4 bxc4 35.dxc4 Nf4 36.Ba1 a5
37.Qe3 Ne6 38.Qc1 Ncd4 39.Bxd4 Nxd4 40.Nxd4 exd4 41.Rxe7 Rxe7 42.b4 axb4
43.axb4 f4 44.Nf1 f3 45.g3 Qf5 46.Nh2 Re2 47.Qb1 Qc2 48.Nxf3 d3 49.Ne1 Qxc4
50.Nxd3 Bd4 51.h5 Qc6 52.Rc1 Qf3 53.Rxc7+ Kh8 54.Rc8+ Kg7 55.Rc7+ Kh8 56.Rc8+ Kg7
57.Rc7+ Kf8 58.Rc8+ Ke7 59.Kh2 Bxf2 60.Rc7+ Kd8  0-1

[Event "Open A"]
[Site "Prague CZE"]
[Date "2007.01.12"]
[Round "2"]
[White "Hodova,L"]
[Black "Jacob,V"]
[Result "1/2-1/2"]
[WhiteElo "2090"]
[BlackElo "2270"]

1.e4 e5 2.Nf3 Nc6 3.Bb5 a6 4.Ba4 Nf6 5.O-O b5 6.Bb3 Bb7 7.d3 h6 8.a4 g6 9.Nc3 b4
10.Nd5 Na5 11.Nxf6+ Qxf6 12.Ba2 Bg7 13.Bd2 Qe7 14.c3 bxc3 15.bxc3 O-O 16.Rb1 Bc6
17.Qc2 Kh8 18.Bd5 Bxd5 19.exd5 Rab8 20.Rb4 c5 21.Rxb8 Rxb8 22.c4 Qd8 23.Bc3 d6
24.Rb1 Rxb1+ 25.Qxb1 Kh7 26.Nd2 f5 27.g3 Qc7 28.Kg2 Bf8 29.Nb3 Nb7 30.Qe1 Qd7
31.Qa1 Qc7 32.Nd2 Be7 33.Nb3 Bd8 34.Qe1 Qd7 35.Qa1 Kg8 36.Bd2 Kh7 37.Bc3 Kg8
38.Bd2 Kh7  1/2-1/2

[Event "Corus C"]
[Site "Wijk aan Zee NED"]
[Date "2007.01.13"]
[Round "1"]
[White "Negi,P"]
[Black "Spoelman,W"]
[Result "1-0"]
[WhiteElo "2538"]
[BlackElo "2414"]

1.e4 e5 2.Nf3 Nc6 3.Bb5 a6 4.Ba4 Nf6 5.O-O b5 6.Bb3 Bb7 7.Re1 Bc5 8.c3 O-O
9.d4 Bb6 10.Be3 exd4 11.cxd4 Na5 12.Bg5 Nxb3 13.Qxb3 h6 14.Bh4 g5 15.Nxg5 Nxe4
16.Rxe4 Bxe4 17.Qg3 hxg5 18.Bxg5 Qe8 19.Bf6+ Bg6 20.Nc3 Qe6 21.Qh4 Bh7 22.Qg5+ Bg6
23.Nd5 Bxd4 24.Bxd4 c5 25.Nf6+ Kg7 26.Ne8+ Kg8 27.Qh6  1-0

[Event "Corus C"]
[Site "Wijk aan Zee NED"]
[Date "2007.01.14"]
[Round "2"]
[White "Nepomniachtchi,I"]
[Black "Van der Wiel,J"]
[Result "1-0"]
[WhiteElo "2587"]
[BlackElo "2511"]

1.e4 e5 2.Nf3 Nc6 3.Bb5 a6 4.Ba4 Nf6 5.O-O b5 6.Bb3 Bb7 7.d3 Be7 8.Re1 O-O
9.Nbd2 d6 10.c3 Na5 11.Bc2 c5 12.Nf1 Re8 13.Ng3 g6 14.d4 cxd4 15.cxd4 Nc6
16.d5 Nb4 17.Bb1 a5 18.a3 Na6 19.Bd3 Qd7 20.Qe2 Nc7 21.Be3 a4 22.Rac1 Rec8
23.Rc2 Bd8 24.Rec1 Qe8 25.Nd2 h5 26.f3 h4 27.Ngf1 Nh5 28.g3 hxg3 29.hxg3 Kg7
30.Nb1 Qe7 31.Nc3 Ne8 32.Nxb5 Rxc2 33.Qxc2 Rc8 34.Nc3 Qf6 35.Qf2 Ba5 36.Nxa4 Rxc1
37.Bxc1 Bc8 38.b4 Bd8 39.Be3 Bh3 40.Nb6 Kg8 41.a4 Nf4 42.gxf4 exf4 43.Bd4 Qg5+
44.Kh1 Qh5 45.Nh2 Bh4 46.Qg1 Bg3 47.Be2 Qh4 48.a5 Ng7 49.a6 Bxh2 50.Qxh2 Qe1+
51.Bg1 Nh5 52.Qf2 Ng3+ 53.Kh2 Qa1 54.Qd4 Qe1 55.Kxh3 Nxe4 56.Kg2 Qxe2+ 57.Bf2 Nxf2
58.Qxf2 Qxa6 59.Nd7 Qb5 60.Nf6+ Kf8 61.Qd2  1-0

[Event "Open A"]
[Site "Prague CZE"]
[Date "2007.01.15"]
[Round "6"]
[White "Karasek,L"]
[Black "Jacob,V"]
[Result "1/2-1/2"]
[WhiteElo "2170"]
[BlackElo "2270"]

1.e4 e5 2.Nf3 Nc6 3.Bb5 a6 4.Ba4 Nf6 5.O-O b5 6.Bb3 Bb7 7.d3 Bd6 8.c3 O-O
9.Nbd2 Na5 10.Bc2 Re8 11.Re1 Bf8 12.Nf1 d6 13.Ng3 g6 14.d4 Bg7 15.a4 exd4
16.Nxd4 b4 17.Bg5 Qc8 18.Rc1 Nd7 19.Bb1  1/2-1/2

[Event "Open A"]
[Site "Prague CZE"]
[Date "2007.01.16"]
[Round "7"]
[White "Srba,M"]
[Black "Zvara,P"]
[Result "0-1"]
[WhiteElo "2243"]
[BlackElo "2417"]

1.e4 e5 2.Nf3 Nc6 3.Bb5 a6 4.Ba4 Nf6 5.O-O b5 6.Bb3 Bb7 7.Re1 Bc5 8.c3 d6
9.d4 Bb6 10.Be3 O-O 11.Nbd2 h6 12.h3 Re8 13.d5 Ne7 14.Bxb6 cxb6 15.Bc2 Ng6
16.Bd3 Nh7 17.g3 Bc8 18.Kh2 Rf8 19.a4 bxa4 20.Rxa4 Ra7 21.Qe2 Qd7 22.Rea1 Qxh3+
23.Kg1 a5 24.b4 f5 25.bxa5 bxa5 26.Rxa5 Rxa5 27.Rxa5 f4 28.Qe1 Bg4 29.Nh2 Ng5
30.Bf1 Qh5 31.Nxg4 Qxg4 32.Bg2 h5 33.c4 f3 34.Bf1 h4 35.Kh2  0-1

[Event "Gibtelecom Masters"]
[Site "Catalan Bay ENG"]
[Date "2007.01.26"]
[Round "4"]
[White "Spraggett,K"]
[Black "Sachdev,T"]
[Result "1-0"]
[WhiteElo "2633"]
[BlackElo "2380"]

1.e4 e5 2.Nf3 Nc6 3.Bb5 a6 4.Ba4 Nf6 5.O-O b5 6.Bb3 Bb7 7.d3 Be7 8.Re1 O-O
9.a4 d6 10.c3 Na5 11.Bc2 c5 12.Nbd2 Re8 13.Nf1 Bf8 14.Bg5 h6 15.Bh4 Be7 16.Ne3 g6
17.h3 Nh7 18.Bg3 Bf8 19.Qd2 Ng5 20.Nxg5 hxg5 21.axb5 axb5 22.f3 Bg7 23.Bf2 Bc6
24.b4 Nb7 25.Bb3 Qe7 26.Nd5 Bxd5 27.Bxd5 Reb8 28.Be3 Bf6 29.Qf2 cxb4 30.cxb4 Ra4
31.Rxa4 bxa4 32.Ra1 Nd8 33.Rxa4 Ne6 34.Ra7 Qe8 35.Qb2 Bd8 36.Qb3 Nc7 37.Bc4 d5
38.Bxd5 Nxd5 39.Qxd5  1-0

[Event "Open"]
[Site "Moscow RUS"]
[Date "2007.01.30"]
[Round "4"]
[White "Chernobay,A"]
[Black "Guseva,M"]
[Result "1-0"]
[WhiteElo "2408"]
[BlackElo "2305"]

1.e4 e5 2.Nf3 Nc6 3.Bb5 a6 4.Ba4 Nf6 5.O-O b5 6.Bb3 Bb7 7.d3 Be7 8.a4 d6
9.c3 O-O 10.Re1 Nd7 11.d4 Na5 12.Bc2 c5 13.b3 exd4 14.cxd4 c4 15.bxc4 Nxc4
16.Qd3 Re8 17.Nc3 Qa5 18.Nd2 Rac8 19.Nxc4 bxc4 20.Qh3 Nf8 21.Rb1 Bc6 22.Ba3 Bd7
23.Qf3 Bg4 24.Qg3 Bh4 25.Qxh4 Qxc3 26.Bxd6 Be6 27.Rbc1 Qxd4 28.Qg3 Ng6 29.Red1 Qa7
30.h4 f6 31.h5 Ne5 32.Bxe5 fxe5 33.Qxe5 Bg4 34.Qd5+ Qf7 35.Qxf7+ Kxf7 36.Rd6 Re6
37.Rxe6 Kxe6 38.f3 Bxh5 39.Bd3 c3 40.Bxa6 Rc5 41.Bb5 Ke5 42.Kf2 Bf7 43.Ke3 Bb3
44.f4+ Kd6 45.Kd4  1-0

[Event "ch-UKR gU20"]
[Site "Lviv UKR"]
[Date "2007.02.06"]
[Round "5"]
[White "Moskalets,S"]
[Black "Arutyunova,D"]
[Result "0-1"]
[WhiteElo "2194"]
[BlackElo "2224"]

1.e4 e5 2.Nf3 Nc6 3.Bb5 a6 4.Ba4 Nf6 5.O-O b5 6.Bb3 Bb7 7.Re1 Bc5 8.c3 d6
9.d4 Bb6 10.a4 O-O 11.Bg5 h6 12.axb5 axb5 13.Rxa8 Bxa8 14.Bc1 exd4 15.cxd4 Re8
16.Qd3 Na5 17.Qxb5 Bxe4 18.Bd2 Bc6 19.Qd3 Rxe1+ 20.Nxe1 Be4 21.Qg3 Nxb3  0-1

[Event "ch-St Petersburg sf"]
[Site "St Petersburg RUS"]
[Date "2007.02.11"]
[Round "2"]
[White "Urjubdshzirov,E"]
[Black "Kulikov,E"]
[Result "1-0"]
[WhiteElo "2163"]
[BlackElo "2260"]

1.e4 e5 2.Nf3 Nc6 3.Bb5 a6 4.Ba4 Nf6 5.O-O b5 6.Bb3 Bb7 7.Re1 Bc5 8.c3 d6
9.d4 Bb6 10.Bg5 h6 11.Bh4 g5 12.Bg3 Qe7 13.a4 O-O 14.Na3 bxa4 15.Bc2 Rad8
16.Nc4 Ba7 17.Ne3 Qd7 18.Nf5 Ne7 19.dxe5 Nxf5 20.exf6 Nxg3 21.Nd4 Nxe4 22.Rxe4 Bxe4
23.Bxe4 Bxd4 24.Qh5 Bxf6 25.Qxh6 Rfe8 26.Bh7+ Kh8 27.Bf5+ Kg8 28.Bxd7 Bg7
29.Qh3 Re2 30.Qg4 Rxb2 31.Re1 a3 32.Qf5 Rf8 33.Bc6 a2 34.Be4 Re8 35.g3 Bxc3
36.Qxg5+ Kf8 37.Qh6+ Bg7 38.Qg5 Re2 39.Rxe2 a1=Q+ 40.Kg2 Qd1 41.Re3 Qa4 42.Qf5 Re5
43.Qf3 Qe8 44.h4 Qe6 45.Bc6 Rxe3 46.fxe3 Ke7 47.h5 a5 48.Bd5 Qf6 49.Qe4+ Qe5
50.Qf3 f6 51.e4 Bh6 52.Qg4 Bg5 53.Qc8 c5 54.Qb7+ Ke8 55.Qc8+ Ke7 56.Qc7+ Ke8
57.Qxa5 f5 58.Qb5+ Kd8 59.Qb6+ Kd7 60.Bc6+ Ke6 61.Bd5+ Kf6 62.Qb7 Qe7 63.Qb2+ Qe5
64.Qb8 Qe7 65.Qh8+ Qg7 66.Qe8 Qe7 67.Qg6+ Ke5 68.Qxf5+ Kd4 69.Qf2+ Kd3 70.Qf3+ Kd2
71.Bc4 Qe5 72.Qd3+ Kc1 73.Bb3 Kb2 74.Qc2+ Ka3 75.Bd5 Qb2 76.Qxb2+ Kxb2 77.Kf3 Kc3
78.Kg4 Be3 79.Kf5 Kd4 80.g4 c4 81.g5 c3 82.Bb3 d5 83.e5 Kd3 84.e6 Bc5 85.g6  1-0

[Event "ch-St Petersburg sf"]
[Site "St Petersburg RUS"]
[Date "2007.02.14"]
[Round "5"]
[White "Melnikov,D"]
[Black "Frolochkin,V"]
[Result "0-1"]
[WhiteElo "2353"]
[BlackElo "2232"]

1.e4 e5 2.Nf3 Nc6 3.Bb5 a6 4.Ba4 Nf6 5.O-O b5 6.Bb3 Bb7 7.d4 Nxd4 8.Nxd4 exd4
9.e5 Ne4 10.Qf3 Qe7 11.Nd2 Nc5 12.Bd5 c6 13.Ne4 Nxe4 14.Bxe4 Qxe5 15.Bf4 Qf6
16.Qg3 h6 17.Rfe1 O-O-O 18.Bc7 Bb4 19.Bxd8 Rxd8 20.Re2 d5 21.Bd3 Bd6 22.Qg4+ Kb8
23.Qf5 Qxf5 24.Bxf5 g6 25.Bh3 c5 26.Rd1 Kc7 27.Bg4 Bf8 28.Bf3 Bc6 29.Red2 Bg7
30.Re1 Bf6 31.g3 a5 32.Bg2 c4 33.f4 b4 34.Bf3 a4 35.Rdd1 Rd6 36.Kg2 Kb6 37.g4 Kc5
38.Kg3 d3 39.cxd3 Bxb2 40.dxc4 dxc4 41.Rxd6 Kxd6 42.Bd1 Bd4 43.Bc2 b3 44.Bb1 c3
45.axb3 axb3 46.Rc1 Kc5 47.h4 Ba4 48.g5 hxg5 49.hxg5 c2  0-1